MARC details
| 000 -CABECERA |
| campo de control de longitud fija |
01525nam a22001937a 4500 |
| 008 - DATOS DE LONGITUD FIJA--INFORMACIÓN GENERAL |
| campo de control de longitud fija |
251111b |||||||| |||| 00| 0 eng d |
| 020 ## - NÚMERO INTERNACIONAL ESTÁNDAR DEL LIBRO |
| Número Internacional Estándar del Libro |
9780008532888 |
| 040 ## - FUENTE DE LA CATALOGACIÓN |
| Centro/agencia transcriptor |
TBS |
| 041 ## - CÓDIGO DE LENGUA |
| Código de lengua del texto/banda sonora o título independiente |
eng |
| 100 ## - ENTRADA PRINCIPAL--NOMBRE DE PERSONA |
| Nombre de persona |
Peyton, Tracey Rose |
| 9 (RLIN) |
26474 |
| Término indicativo de función/relación |
author |
| 245 ## - MENCIÓN DE TÍTULO |
| Título |
Night wherever we go : |
| Mención de responsabilidad, etc. |
/ Tracey Rose Peyton. |
| 260 ## - PUBLICACIÓN, DISTRIBUCIÓN, ETC. |
| Lugar de publicación, distribución, etc. |
New York, NY : |
| Nombre del editor, distribuidor, etc. |
Ecco, an imprint of HarperCollinsPublishers, |
| Fecha de publicación, distribución, etc. |
2023. |
| 300 ## - DESCRIPCIÓN FÍSICA |
| Extensión |
295 pages ; |
| Dimensiones |
22 cm. |
| 520 ## - SUMARIO, ETC. |
| Sumario, etc. |
On a struggling Texas plantation, six enslaved women slip from their sleeping quarters and gather in the woods under the cover of night. The Lucys--as they call the plantation owners, after Lucifer himself--have decided to turn around the farm's bleak financial prospects by making the women bear children. They have hired a "stockman" to impregnate them. But the women are determined to protect themselves. Now each of the six faces a choice. Nan, the doctoring woman, has brought a sack of cotton root clippings that can stave off children when chewed daily. If they all take part, the Lucys may give up and send the stockman away. But a pregnancy for any of them will only encourage the Lucys further. And should their plan be discovered, the consequences willbe severe. Visceral and arresting, Night Wherever We Go illuminates each woman's individual trials and desires while painting a subversive portrait of collective defiance. |
| 650 #0 - PUNTO DE ACCESO ADICIONAL DE MATERIA--TÉRMINO DE MATERIA |
| Término de materia o nombre geográfico como elemento de entrada |
Plantations |
| Subdivisión geográfica |
Texas |
| Subdivisión de forma |
Fiction |
| 9 (RLIN) |
26475 |
| 650 #0 - PUNTO DE ACCESO ADICIONAL DE MATERIA--TÉRMINO DE MATERIA |
| Término de materia o nombre geográfico como elemento de entrada |
Slaveholders |
| Subdivisión de forma |
Fiction |
| 9 (RLIN) |
26476 |
| 650 #0 - PUNTO DE ACCESO ADICIONAL DE MATERIA--TÉRMINO DE MATERIA |
| Término de materia o nombre geográfico como elemento de entrada |
Enslaved women |
| Subdivisión de forma |
Fiction |
| 9 (RLIN) |
26477 |
| 942 ## - ELEMENTOS DE ENTRADA AGREGADA (KOHA) |
| Fuente del sistema de clasificación o colocación |
Clasificación de Library of Congress |